Aash's Little Findings About the Life/ (Record no. 212029)

MARC details
000 -LEADER
fixed length control field 00580nam a22001937a 4500
005 - DATE AND TIME OF LATEST TRANSACTION
control field 20250702164140.0
010 ## - LCCN (DPL NO)
LC control number ENG-145537
020 ## - INTERNATIONAL STANDARD BOOK NUMBER
International Standard Book Number 9789348125330
Terms of availability 120.00
035 ## - SYSTEM CONTROL NUMBER
System control number EN-129069
037 ## - SOURCE OF ACQUISITION
Source of stock number/acquisition DBAD
082 ## - DEWEY DECIMAL CLASSIFICATION NUMBER
Classification number S
100 ## - MAIN ENTRY--PERSONAL NAME
Personal name CS Arunkumar
245 ## - TITLE STATEMENT
Title Aash's Little Findings About the Life/
Statement of responsibility, etc CS Arunkumar
250 ## - EDITION STATEMENT
Edition statement 1
260 ## - PUBLICATION, DISTRIBUTION, ETC. (IMPRINT)
Place of publication, distribution, etc Kerala
Name of publisher, distributor, etc SandDunes
Date of publication, distribution, etc 2024
270 ## - ADDRESS
Address GB Building, Civil Lane road, ayyanthole thrissur
City New Delhi
Postal code 680003
Electronic mail address info@greenbooksindia.com
Telephone number 91-487-231066
-- 2381039
300 ## - PHYSICAL DESCRIPTION
Extent 80p.
Dimensions 22cm(pb)
942 ## - ADDED ENTRY ELEMENTS (KOHA)
Source of classification or shelving scheme Dewey Decimal Classification
Item type English Books
Classification part S
Call number suffix CSA
Holdings
Withdrawn status Lost status Not for loan Collection code Home library Current library Date acquired Source of acquisition Cost, normal purchase price Full call number Barcode Copy number Cost, replacement price Koha item type
    Not For Loan Non-fiction Patel Nagar Patel Nagar 02/07/2025 Delivery of Books Act Division 120.00 S CSA EN-129069 1 120.00 English Books

© Delhi Public Library
Hit Counter
free hit counter